000 01208nam a22003497a 4500
001 987
003 DO-SdBPM
005 20241118092026.0
008 160607b2005 cl || 00| 0 spa d
020 _a 9586007030
040 _a DO-SdBPM
_bspa
_cBPMSU
082 4 _a658.81
_2S792v 2005
_b22
100 1 _aStanton, William J.
245 1 0 _aVentas :
_bconceptos, planificación y estrategias /
_cWilliam J. Stanton, Richard H. Buskirk, Rosann L. Spiro ; traducción Alfredo Anton Moreno ; revisión técnica Jorge Cuadrado Valero.
250 _a9a. ed.
260 _a McSanta Fe de Bogotá :
_b Graw-Hill,
_c2005
300 _axxv, 536 p. :
_bil., diagrs.,
_c 25 cm.
500 _aIncluye índice.
534 _pTítulo original :
_tManagement of a sales force.
590 _aInventariado, 2024/VM
650 4 _aVentas
650 _aAdministración de ventas
650 4 _aPlanificación estratégica
650 4 _aMercadeo
650 4 _aVendedores y arte de vender
700 1 _aBuskirk, Richard Hobart,
_d1927-
700 1 _aSpiro, Rosann L
700 1 _aAnton Moreno, Alfredo,
_etraductor
710 2 _aMc Granw Hill
910 _aVMateo V. Cotrol de calidad. BPMSU
942 _2ddc
_cBK
999 _c10298
_d10298